A criança no primeiro ano de vida (Registo nº 4728)

Detalhes MARC
000 -Etiqueta do registo
Valores 00724nam a22001931i 4500
090 ## -
-- 4728
100 ## - Dados gerais de processamento
Dados gerais 20170304u u u0frey50 ba
101 0# - Língua de publicação
-- por
200 1# - Titulo e menção de responsabilidade
Primeira menção de responsabilidade Virgílio Moreira
Título próprio A criança no primeiro ano de vida
215 ## - Descrição física 
Paginação / Volumes 203, [1] p.
Outras indicações físicas il.
Dimensões 21 cm
210 ## - Publicação
Nome do editor Caminho
Local de publicação Lisboa
Data de publicação 1981
225 2# - Colecção 
Título próprio da colecção Biblioteca da saúde
Indicação de volume 4
410 #0 -
-- Biblioteca da saúde
700 #1 - Autor principal (pessoa individual)
Apelido Moreira
Nome Virgílio
-- 070
996 ## - ISO2709
-- 0005138
-- MOR
-- 00000000
-- 00000000
-- BMVA
-- 1
-- Viana do Alentejo
-- Medicina
-- 29
-- Livro
-- 0
-- 1
996 ## - ISO2709
-- 0022671
-- MOR
-- 00000000
-- 00000000
-- BMVAAG
-- 4
-- Aguiar
-- Medicina
-- 29
-- Livro
-- 0
-- 1
996 ## - ISO2709
-- 0026774
-- MOR
-- 00000000
-- 00000000
-- BMVAAL
-- 3
-- Alcáçovas
-- Medicina
-- 29
-- Livro
-- 0
-- 1
990 ## - Elementos KOHA
Tipo de documento Livro
Exemplares
Situação do levantamento Estado Biblioteca de origem Biblioteca de empréstimo Código de barras Cota Permissão de empréstimo Tipo de documento Nota relativa ao exemplar Localização na Estante
  Completo Biblioteca Municipal de Viana Do Alentejo Biblioteca Municipal de Viana Do Alentejo 0006562 159.9 MOR Disponível Livro Em depósito caixa 37 VNT  
  Completo Biblioteca Municipal de Viana Do Alentejo Biblioteca Municipal de Viana Do Alentejo 0001113AL 159.9 MOR Disponível Livro cx. 243 vnt Depósito
  Completo Biblioteca Municipal de Viana Do Alentejo Biblioteca Municipal de Viana Do Alentejo Pólo Alcáçovas 0001958AL 159.9 MOR Disponível Livro    




Powered by Koha